00919nam a22002657a 4500001000700000003000900007005001700016007000300033008003500036020001500071040003000086082002800116100003100144245012600175260000900301264004400310300003100354336002700385337003500412338003000447534008500477650002500562650003600587700003000623000469DO-SdBPM20250805122832.0ta160905b1989 mx |||| 00| 0 spa d a8433559222 aDO-SdBPMbspacBPMSUerda 4a636.71bH325g 19892rda1 aHart, Benjamin L. eautor 10aGuía del perro :bcaracterísticas y pautas de 56 raza /cBenjamin L. Hart, Lynette A. Hart ; traducción de J. Ros.  b c  aBarcelona :bEditorial Labor, c1989.  a 190 páginas ; c24 cm.  atextobtxt2rdacontent asin mediación bn2rdamedia  avolumen bnc2rdacarrier  pTítulo original. tThe perfect puppy. How to chose your dog by its behavoir.  7aRazas de perros. x  7aPerros xHábitos y conducta. 1 aHart, Lynette A. eautor